[Event "LSS No Engine Cup 166 Preliminary 0"]
[Site "LSS email"]
[Date "2017.01.30"]
[Round "?"]
[White "Cabrera Trujillo, Claudio Tomas"]
[Black "Liles, Chris"]
[Result "1-0"]
[WhiteElo "1381"]
[BlackElo "1119"]
[PlyCount "61"]
[EventDate "2017.01.31"]
[EventType "tourn (corr)"]
[EventRounds "6"]
[EventCountry "GER"]
[SourceTitle "Corr 2022"]
[Source "ChessBase"]
[SourceDate "2021.10.24"]
[SourceVersion "1"]
[SourceVersionDate "2021.10.24"]
[SourceQuality "1"]

1. Nf3 Nf6 2. c4 e6 3. Nc3 c6 4. d4 Bb4 5. Qc2 0-0 6. e3 d5 7. Ne5 Nfd7 8. Nd3 f5 9. Nxb4 Nf6 10. cxd5 exd5 11. a4 a5 12. Nba2 Re8 13. Bd3 Ne4 14. 0-0 Nd7 15. f3 Nxc3 16. Nxc3 Nf8 17. Bxf5 Qf6 18. Bxc8 Raxc8 19. Bd2 c5 20. Nxd5 Qd6 21. e4 cxd4 22. Qb3 Qe6 23. Qxb7 Rb8 24. Qa7 d3 25. Bc3 Qg6 26. Ne7+ Rxe7 27. Qxe7 Re8 28. Qc5 Qa6 29. Rfd1 Rc8 30. Qxa5 Qxa5 31. Bxa5 1-0

[Event "LSS No Engine Cup 163 Preliminary 0"]
[Site "LSS email"]
[Date "2016.12.04"]
[Round "?"]
[White "Liles, Chris"]
[Black "Stefanski, Robert"]
[Result "0-1"]
[WhiteElo "1152"]
[BlackElo "1842"]
[PlyCount "46"]
[EventDate "2016.12.05"]
[EventType "tourn (corr)"]
[EventRounds "6"]
[EventCountry "GER"]
[SourceTitle "Corr 2022"]
[Source "ChessBase"]
[SourceDate "2021.10.24"]
[SourceVersion "1"]
[SourceVersionDate "2021.10.24"]
[SourceQuality "1"]

1. d4 d5 2. c4 c6 3. cxd5 cxd5 4. Nf3 Nf6 5. e3 e6 6. Bd3 Bb4+ 7. Nc3 0-0 8. 0-0 Bxc3 9. bxc3 b6 10. Ne5 Bb7 11. Ba3 Re8 12. Bb5 Nbd7 13. f4 a6 14. Be2 Nxe5 15. fxe5 Ne4 16. Rc1 a5 17. Rf3 Rc8 18. Bb2 Rf8 19. a4 f5 20. Rc2 g5 21. Rh3 g4 22. Rh6 Qg5 23. Rxe6 Qxe3+ 0-1

[Event "LSS No Engine Cup 163 Preliminary 0"]
[Site "LSS email"]
[Date "2016.12.04"]
[Round "?"]
[White "Liles, Chris"]
[Black "Zmolil, Karel"]
[Result "0-1"]
[WhiteElo "1152"]
[BlackElo "1655"]
[PlyCount "70"]
[EventDate "2016.12.05"]
[EventType "tourn (corr)"]
[EventRounds "6"]
[EventCountry "GER"]
[SourceTitle "Corr 2022"]
[Source "ChessBase"]
[SourceDate "2021.10.24"]
[SourceVersion "1"]
[SourceVersionDate "2021.10.24"]
[SourceQuality "1"]

1. d4 d5 2. c4 e6 3. Nc3 Nf6 4. Bf4 c6 5. e3 Nbd7 6. Nf3 Be7 7. Bd3 Nh5 8. Ne2 Nxf4 9. Nxf4 Nf6 10. 0-0 Bd6 11. Nh3 h6 12. Ne5 Bxe5 13. dxe5 Nd7 14. f4 Nc5 15. Be2 a5 16. a3 Qb6 17. Qc2 Nb3 18. Rad1 Qxe3+ 19. Kh1 Nd4 20. Rxd4 Qxd4 21. Rf3 Qc5 22. Nf2 Bd7 23. Nd3 Qxc4 24. Qxc4 dxc4 25. Nc1 b5 26. Rg3 0-0 27. Bf3 Rac8 28. Ne2 Rfd8 29. h3 c5 30. Be4 Bc6 31. Bc2 Rd2 32. Rc3 Rxe2 33. Bd1 Rxg2 34. Bf3 Bxf3 35. Rxf3 Rxb2 0-1

[Event "LSS No Engine Cup 163 Preliminary 0"]
[Site "LSS email"]
[Date "2016.12.04"]
[Round "?"]
[White "Melnikoff, Evgeniy"]
[Black "Liles, Chris"]
[Result "1-0"]
[WhiteElo "1775"]
[BlackElo "1152"]
[PlyCount "47"]
[EventDate "2016.12.05"]
[EventType "tourn (corr)"]
[EventRounds "6"]
[EventCountry "GER"]
[SourceTitle "Corr 2022"]
[Source "ChessBase"]
[SourceDate "2021.10.24"]
[SourceVersion "1"]
[SourceVersionDate "2021.10.24"]
[SourceQuality "1"]

1. e4 e6 2. d4 d5 3. Nc3 Bb4 4. e5 Ne7 5. a3 Bxc3+ 6. bxc3 c5 7. Qg4 Nf5 8. Bd3 Qa5 9. Bd2 c4 10. Bxf5 exf5 11. Qxg7 Rf8 12. Nf3 Nd7 13. Ng5 Qb6 14. Nxh7 Qg6 15. Qxg6 fxg6 16. Nxf8 Nxf8 17. h4 Be6 18. h5 b5 19. Bh6 gxh5 20. Bxf8 Kxf8 21. Rxh5 Re8 22. a4 Bf7 23. Rxf5 Ke7 24. axb5 1-0

[Event "LSS No Engine Cup 162 Preliminary 0"]
[Site "LSS email"]
[Date "2016.11.21"]
[Round "?"]
[White "Bichik, Aleksandr"]
[Black "Liles, Chris"]
[Result "1-0"]
[WhiteElo "1983"]
[BlackElo "1130"]
[PlyCount "27"]
[EventDate "2016.11.22"]
[EventType "tourn (corr)"]
[EventRounds "6"]
[EventCountry "GER"]
[SourceTitle "Corr 2022"]
[Source "ChessBase"]
[SourceDate "2021.10.24"]
[SourceVersion "1"]
[SourceVersionDate "2021.10.24"]
[SourceQuality "1"]

1. e4 e6 2. d4 d5 3. exd5 exd5 4. Nf3 c5 5. Bb5+ Bd7 6. Bxd7+ Nxd7 7. 0-0 Ngf6 8. Re1+ Be7 9. Qe2 Ne4 10. Nc3 Nxc3 11. bxc3 c4 12. Ba3 Nf6 13. Bxe7 Qd7 14. Bxf6+ 1-0

[Event "LSS No Engine Cup 162 Preliminary 0"]
[Site "LSS email"]
[Date "2016.11.21"]
[Round "?"]
[White "Liles, Chris"]
[Black "Kocian, Stefan"]
[Result "0-1"]
[WhiteElo "1130"]
[BlackElo "1472"]
[PlyCount "100"]
[EventDate "2016.11.22"]
[EventType "tourn (corr)"]
[EventRounds "6"]
[EventCountry "GER"]
[SourceTitle "Corr 2022"]
[Source "ChessBase"]
[SourceDate "2021.10.24"]
[SourceVersion "1"]
[SourceVersionDate "2021.10.24"]
[SourceQuality "1"]

1. d4 d5 2. Nf3 c6 3. c3 Bg4 4. Nbd2 Nf6 5. e3 Nbd7 6. h3 Bf5 7. Nh4 Be4 8. f3 Qc7 9. Nxe4 Nxe4 10. fxe4 Qg3+ 11. Ke2 Qxh4 12. Kd2 Qxe4 13. Rg1 g6 14. Bd3 Qh4 15. Kc2 Bh6 16. Bd2 Qf2 17. Kb3 Bxe3 18. Bxe3 Qxe3 19. Re1 Qg3 20. Qe2 e6 21. Rf1 0-0 22. Rf3 Qd6 23. Kc2 c5 24. Kd2 cxd4 25. cxd4 Qb4+ 26. Ke3 Rac8 27. Rd1 Nb6 28. Rf4 Nc4+ 29. Kf3 Rfe8 30. b3 e5 31. dxe5 Nxe5+ 32. Kg3 Qe7 33. Qf2 Qg5+ 34. Kh2 Nxd3 35. Rxd3 Re2 36. Qxe2 Qxf4+ 37. g3 Qe4 38. Qxe4 dxe4 39. Re3 f5 40. g4 Rc2+ 41. Kg3 Kg7 42. a3 Kf6 43. gxf5 gxf5 44. h4 Ke5 45. Re1 f4+ 46. Kg4 Rg2+ 47. Kh5 f3 48. Rf1 f2 49. Kh6 e3 50. Kxh7 e2 0-1

[Event "LSS No Engine Cup 162 Preliminary 0"]
[Site "LSS email"]
[Date "2016.11.21"]
[Round "?"]
[White "Liles, Chris"]
[Black "Rocek, Vladimir"]
[Result "0-1"]
[WhiteElo "1130"]
[BlackElo "1418"]
[PlyCount "114"]
[EventDate "2016.11.22"]
[EventType "tourn (corr)"]
[EventRounds "6"]
[EventCountry "GER"]
[SourceTitle "Corr 2022"]
[Source "ChessBase"]
[SourceDate "2021.10.24"]
[SourceVersion "1"]
[SourceVersionDate "2021.10.24"]
[SourceQuality "1"]

1. d4 Nf6 2. Nf3 d5 3. e3 Bf5 4. Nh4 Bd7 5. Nf3 c6 6. Bd3 Bg4 7. c4 dxc4 8. Bxc4 e6 9. Nbd2 Bb4 10. a3 Ba5 11. b4 Bc7 12. 0-0 0-0 13. Qc2 Bf5 14. e4 Bg6 15. Nh4 Ng4 16. g3 Qxd4 17. Bb2 Qd6 18. Rad1 Qe7 19. Be2 Nf6 20. Nxg6 hxg6 21. e5 Nd5 22. Nf3 Bb6 23. Kg2 Nd7 24. h4 Rac8 25. h5 gxh5 26. Rh1 g6 27. Bc1 Rfe8 28. Bg5 Qf8 29. Nd2 Nxe5 30. Nf3 Ng4 31. Nh2 Nxf2 32. Rhf1 Nxd1 33. Qxd1 Be3 34. Bh4 Qg7 35. Rf3 Bd4 36. Nf1 Nc3 37. Qd2 Nxe2 38. Qxe2 g5 39. Qe4 gxh4 40. a4 h3+ 41. Kxh3 Qg4+ 42. Qxg4+ hxg4+ 43. Kxg4 f5+ 44. Kh3 Kg7 45. Rd3 Rh8+ 46. Kg2 e5 47. Nd2 Rh5 48. Nf3 Rch8 49. Rd1 Bc3 50. Rd7+ Kf6 51. Rxb7 e4 52. Nh4 f4 53. b5 cxb5 54. axb5 fxg3 55. Kxg3 Rxh4 56. Rxa7 Be1+ 57. Kg2 Rf4 0-1

[Event "LSS No Engine Cup 161 Preliminary 0"]
[Site "LSS email"]
[Date "2016.10.31"]
[Round "?"]
[White "Helmbrecht, John R"]
[Black "Liles, Chris"]
[Result "1-0"]
[WhiteElo "1835"]
[BlackElo "1154"]
[PlyCount "27"]
[EventDate "2016.10.31"]
[EventType "tourn (corr)"]
[EventRounds "6"]
[EventCountry "GER"]
[SourceTitle "Corr 2022"]
[Source "ChessBase"]
[SourceDate "2021.10.24"]
[SourceVersion "1"]
[SourceVersionDate "2021.10.24"]
[SourceQuality "1"]

1. d4 Nf6 2. c4 e6 3. Nf3 d5 4. g3 c6 5. Bg2 Nbd7 6. 0-0 Bd6 7. Nc3 dxc4 8. Bg5 0-0 9. Nd2 Qb6 10. Nxc4 Qc7 11. Rc1 b5 12. Nxd6 Qxd6 13. Nxb5 Ba6 14. Nxd6 1-0

[Event "LSS No Engine Cup 161 Preliminary 0"]
[Site "LSS email"]
[Date "2016.10.31"]
[Round "?"]
[White "Liles, Chris"]
[Black "Stadler, Pavel"]
[Result "0-1"]
[WhiteElo "1154"]
[BlackElo "1951"]
[PlyCount "70"]
[EventDate "2016.10.31"]
[EventType "tourn (corr)"]
[EventRounds "6"]
[EventCountry "GER"]
[SourceTitle "Corr 2022"]
[Source "ChessBase"]
[SourceDate "2021.10.24"]
[SourceVersion "1"]
[SourceVersionDate "2021.10.24"]
[SourceQuality "1"]

1. d4 d5 2. Nf3 Nf6 3. e3 Bf5 4. Nh4 Bg6 5. Nxg6 hxg6 6. Nc3 e6 7. Bd2 Bd6 8. Qe2 Nbd7 9. 0-0-0 Qe7 10. f4 c6 11. g4 0-0-0 12. g5 Nh5 13. Bg2 f6 14. e4 Nxf4 15. Bxf4 Bxf4+ 16. Kb1 dxe4 17. gxf6 gxf6 18. Bxe4 g5 19. Bf5 e5 20. d5 c5 21. d6 Qf7 22. Qb5 Kb8 23. h3 Nb6 24. Na4 Nxa4 25. Qxa4 Rh4 26. Qa5 b6 27. Qb5 Qb7 28. d7 e4 29. Rhe1 Bg3 30. Re3 Rf4 31. Be6 Bf2 32. Rb3 e3 33. Kc1 Rd4 34. Rxd4 cxd4 35. Qf5 Qh1# 0-1

[Event "LSS No Engine Cup 159 Preliminary 0"]
[Site "LSS email"]
[Date "2016.09.13"]
[Round "?"]
[White "Lenz, Juergen"]
[Black "Liles, Chris"]
[Result "0-1"]
[WhiteElo "1339"]
[BlackElo "1136"]
[PlyCount "70"]
[EventDate "2016.09.14"]
[EventType "tourn (corr)"]
[EventRounds "6"]
[EventCountry "GER"]
[SourceTitle "Corr 2022"]
[Source "ChessBase"]
[SourceDate "2021.10.24"]
[SourceVersion "1"]
[SourceVersionDate "2021.10.24"]
[SourceQuality "1"]

1. d4 Nf6 2. Nf3 e6 3. Bf4 Nh5 4. Bg5 Be7 5. Bxe7 Qxe7 6. e4 Nf4 7. g3 Ng6 8. Bg2 0-0 9. 0-0 d6 10. c4 c5 11. Nc3 cxd4 12. Nxd4 a6 13. a4 Nc6 14. Nxc6 bxc6 15. a5 e5 16. Na4 Be6 17. Nb6 Rab8 18. Qd3 Rfd8 19. Rad1 Nf8 20. f4 Bg4 21. Rd2 Ne6 22. h3 Bh5 23. g4 Nxf4 24. Rxf4 exf4 25. gxh5 Qg5 26. Qf3 Qxa5 27. Rf2 Rxb6 28. Qxf4 f6 29. h6 Qg5 30. Qf3 Qxh6 31. Qf5 Rb4 32. Bf1 Qe3 33. Kg2 Re8 34. Re2 Qg5+ 35. Qxg5 fxg5 0-1